[Event "GER-chT Federal Cup (Women)"]
[Site "Braunfels"]
[Date "2016.05.29"]
[Round "5.3"]
[White "Eggert, Daniela"]
[Black "Ramm, Madlen"]
[Result "1/2-1/2"]
[WhiteElo "1634"]
[BlackElo "1600"]
[PlyCount "77"]
[EventDate "2016.05.26"]
[EventType "team-swiss"]
[EventRounds "5"]
[EventCountry "GER"]
[SourceTitle "EXT 2019"]
[Source "ChessBase"]
[SourceDate "2018.10.10"]
[SourceVersion "1"]
[SourceVersionDate "2018.10.10"]
[SourceQuality "1"]
[WhiteTeam "Mecklenburg Vorpommern (W)"]
[BlackTeam "Saarland Schleswig Holstein (W)"]
[WhiteTeamCountry "GER"]
[BlackTeamCountry "GER"]

1. Nf3 d5 2. g3 Nf6 3. Bg2 c6 4. b3 Bf5 5. Bb2 Nbd7 6. 0-0 e6 7. d3 Be7 8. c4 0-0 9. Nbd2 Rc8 10. Re1 Nc5 11. b4 Ncd7 12. Qb3 Nb6 13. a4 dxc4 14. Nxc4 Nxc4 15. Qxc4 Bg6 16. Ne5 Nd5 17. Nxg6 hxg6 18. b5 Bf6 19. Bxf6 Qxf6 20. bxc6 Rxc6 21. Qb5 Rb6 22. Qc5 Qe7 23. Qxe7 Nxe7 24. a5 Rb2 25. Kf1 Rc8 26. Reb1 Rcc2 27. Bxb7 Rxe2 28. Rxb2 Rxb2 29. a6 Nd5 30. Rc1 Nb6 31. Rc7 Ra2 32. Kg2 Ra3 33. d4 Ra4 34. Kf3 Rxd4 35. Ke3 Ra4 36. Kd3 Kf8 37. f3 Ra2 38. h4 Ra4 39. g4 1/2-1/2

[Event "GER-chT Federal Cup (Women)"]
[Site "Braunfels"]
[Date "2016.05.27"]
[Round "2.3"]
[White "Eggert, Daniela"]
[Black "Kierzek, Mira"]
[Result "0-1"]
[WhiteElo "1634"]
[BlackElo "1887"]
[PlyCount "96"]
[EventDate "2016.05.26"]
[EventType "team-swiss"]
[EventRounds "5"]
[EventCountry "GER"]
[SourceTitle "EXT 2019"]
[Source "ChessBase"]
[SourceDate "2018.10.10"]
[SourceVersion "1"]
[SourceVersionDate "2018.10.10"]
[SourceQuality "1"]
[WhiteTeam "Mecklenburg Vorpommern (W)"]
[BlackTeam "Hessen (W)"]
[WhiteTeamCountry "GER"]
[BlackTeamCountry "GER"]

1. Nf3 d5 2. g3 Nf6 3. Bg2 g6 4. 0-0 Bg7 5. c4 c6 6. Qc2 0-0 7. d3 Nbd7 8. Nbd2 e5 9. b4 e4 10. dxe4 dxe4 11. Ne1 e3 12. Nb3 exf2+ 13. Rxf2 Ng4 14. Rf4 Nb6 15. Rb1 Qe7 16. Qd2 Bh6 17. Re4 Qxe4 18. Bxe4 Bxd2 19. Nxd2 Be6 20. b5 cxb5 21. Rxb5 Nxc4 22. Rxb7 Nd6 23. Rb4 Nxe4 24. Nxe4 a5 25. Ra4 Rfc8 26. Bd2 Rc4 27. Rxc4 Bxc4 28. a4 f5 29. Nc5 Bxe2 30. Nb7 Bd1 31. Nxa5 Bxa4 32. Nc4 Bb5 33. Ne3 Ra2 34. Nf3 Rxd2 35. Nxd2 Nxe3 36. h3 Kf7 37. Kf2 Nc4 38. Nf3 Nd6 39. Kg1 Kf6 40. Kh2 Bc6 41. Nd4 Bd5 42. Ne2 g5 43. Kg1 Ne4 44. Kh2 Ke5 45. Ng1 Nc3 46. h4 gxh4 47. gxh4 f4 48. Kh3 f3 0-1

[Event "GER-ch U18 Girls"]
[Site "Willingen"]
[Date "2016.05.18"]
[Round "6"]
[White "Eggert, Daniela"]
[Black "Holschuh, Paulina"]
[Result "1-0"]
[WhiteElo "1688"]
[BlackElo "1042"]
[PlyCount "85"]
[EventDate "2016.05.15"]
[EventType "swiss"]
[EventRounds "9"]
[EventCountry "GER"]
[SourceTitle "CBM 172 Extra"]
[Source "ChessBase"]
[SourceDate "2016.06.21"]
[SourceVersion "1"]
[SourceVersionDate "2016.06.21"]
[SourceQuality "1"]

1. Nf3 d5 2. g3 Nf6 3. d4 e6 4. Bg2 c5 5. dxc5 Bxc5 6. 0-0 0-0 7. c4 Nc6 8. Bg5 h6 9. cxd5 exd5 10. Bxf6 Qxf6 11. Qc2 Bb6 12. Nc3 Be6 13. Rad1 Rad8 14. Ne1 Bf5 15. Qa4 d4 16. Nd5 Qe5 17. Nxb6 axb6 18. Bf3 b5 19. Qb3 Rd6 20. Nd3 Qf6 21. Qxb5 Rb8 22. Nc5 b6 23. Na6 Rb7 24. Rc1 Bd7 25. Qb3 Be6 26. Qc2 Bf5 27. Be4 Bxe4 28. Qxe4 Re6 29. Qd3 g6 30. Rc2 Ra7 31. Rfc1 Rae7 32. b4 Kf8 33. Kg2 Rd6 34. Qf3 Qxf3+ 35. Kxf3 Ne5+ 36. Kg2 Ra7 37. Rc8+ Kg7 38. b5 Rd5 39. a4 Re7 40. Nc7 Rd6 41. Ne8+ Rxe8 42. Rxe8 Nd7 43. Rd8 1-0

[Event "Mecklenburg VP U18"]
[Site "Malchow"]
[Date "2016.02.02"]
[Round "3.1"]
[White "Eggert, Daniela"]
[Black "Schumann, Rabea"]
[Result "0-1"]
[WhiteElo "1688"]
[BlackElo "1863"]
[PlyCount "60"]
[EventDate "2016.02.02"]
[EventType "swiss"]
[EventRounds "7"]
[EventCountry "GER"]
[SourceTitle "EXT 2024"]
[Source "ChessBase"]
[SourceDate "2023.10.10"]
[SourceVersion "1"]
[SourceVersionDate "2023.10.10"]
[SourceQuality "1"]

1. Nf3 d5 2. g3 Nf6 3. Bg2 Nbd7 4. b3 e5 5. d3 c6 6. Bb2 Bd6 7. Nbd2 0-0 8. 0-0 Qc7 9. c4 d4 10. Ng5 Rb8 11. Nge4 Nxe4 12. Nxe4 b6 13. Nxd6 Qxd6 14. Qc1 Bb7 15. e3 c5 16. Bxb7 Rxb7 17. exd4 exd4 18. Qd2 Ne5 19. Qf4 Re7 20. Rad1 Rfe8 21. b4 Qg6 22. bxc5 bxc5 23. Ba3 Nxd3 24. Qf3 Ne5 25. Qd5 Rd7 26. Qxc5 d3 27. Bb2 Nf3+ 28. Kg2 Qe4 29. Kh3 f5 30. Bc1 d2 0-1

[Event "GER-chT Federal Cup (Women)"]
[Site "Braunfels"]
[Date "2015.06.04"]
[Round "1.6"]
[White "Zahn, Nicol"]
[Black "Eggert, Daniela"]
[Result "0-1"]
[WhiteElo "1791"]
[BlackElo "1541"]
[PlyCount "64"]
[EventDate "2015.06.04"]
[EventType "team-swiss"]
[EventRounds "5"]
[EventCountry "GER"]
[SourceTitle "CBM 167 Extra"]
[Source "ChessBase"]
[SourceDate "2015.09.14"]
[SourceVersion "1"]
[SourceVersionDate "2015.09.14"]
[SourceQuality "1"]
[WhiteTeam "Hessen (W)"]
[BlackTeam "Mecklenburg Vorpommern (W)"]
[WhiteTeamCountry "GER"]
[BlackTeamCountry "GER"]

1. e4 g6 2. d3 Bg7 3. f4 e6 4. Nf3 c5 5. g3 Nc6 6. c3 d5 7. Nbd2 Nge7 8. Qc2 0-0 9. Bg2 b6 10. 0-0 d4 11. Rd1 dxc3 12. bxc3 e5 13. fxe5 Nxe5 14. Nxe5 Bxe5 15. Nf3 Bg7 16. Rb1 Nc6 17. Bg5 Qe8 18. d4 cxd4 19. cxd4 Bg4 20. e5 Bf5 21. Qd2 Bxb1 22. Rxb1 f6 23. Bh6 Rc8 24. Bh3 Rd8 25. Bxg7 Kxg7 26. exf6+ Rxf6 27. Re1 Qf7 28. Ng5 Nxd4 29. Qb2 Qd5 30. Re7+ Kf8 31. Re3 Qxg5 32. Qb4+ Qc5 0-1

[Event "Mecklenburg VP-ch U16 Girls"]
[Site "Malchow"]
[Date "2015.02.??"]
[Round "2.3"]
[White "Eggert, Daniela"]
[Black "Joers, Pia Milena"]
[Result "1/2-1/2"]
[WhiteElo "1647"]
[BlackElo "1384"]
[PlyCount "78"]
[EventDate "2015.02.04"]
[EventType "tourn"]
[EventRounds "7"]
[EventCountry "GER"]
[SourceTitle "EXT 2022"]
[Source "ChessBase"]
[SourceDate "2021.10.06"]
[SourceVersion "1"]
[SourceVersionDate "2021.10.06"]
[SourceQuality "1"]

1. e4 e5 2. Nf3 Nc6 3. Nc3 Nf6 4. d4 exd4 5. Nxd4 Bb4 6. Nxc6 bxc6 7. Bd3 d5 8. exd5 cxd5 9. Bd2 c6 10. 0-0 0-0 11. Qf3 Bg4 12. Qf4 Bd6 13. Qa4 Bd7 14. Qh4 h6 15. Rfe1 Ng4 16. Qh5 Bxh2+ 17. Kf1 Qf6 18. Nd1 Rfe8 19. Be2 g6 20. Qh3 Ne3+ 21. Qxe3 Rxe3 22. Bxe3 Qh4 23. Bf3 Bd6 24. g3 Qc4+ 25. Re2 g5 26. b3 Qa6 27. Nc3 Be5 28. Bd2 d4 29. Na4 Qb5 30. Rae1 Re8 31. Kg1 Kf8 32. c4 dxc3 33. Nxc3 Bxc3 34. Rxe8+ Bxe8 35. Bxc3 Qf5 36. Be4 Qc5 37. Rc1 Qe7 38. Bf3 c5 39. Re1 Qc7 1/2-1/2

[Event "Mecklenburg VP-ch U16 Girls"]
[Site "Malchow"]
[Date "2015.02.??"]
[Round "6.1"]
[White "Schumann, Rabea"]
[Black "Eggert, Daniela"]
[Result "0-1"]
[WhiteElo "1793"]
[BlackElo "1647"]
[PlyCount "114"]
[EventDate "2015.02.04"]
[EventType "tourn"]
[EventRounds "7"]
[EventCountry "GER"]
[SourceTitle "EXT 2022"]
[Source "ChessBase"]
[SourceDate "2021.10.06"]
[SourceVersion "1"]
[SourceVersionDate "2021.10.06"]
[SourceQuality "1"]

1. c4 e5 2. g3 c6 3. Bg2 d5 4. d4 e4 5. Nc3 Bb4 6. Bd2 Ne7 7. a3 Bxc3 8. Bxc3 0-0 9. e3 Ng6 10. Ne2 Bg4 11. 0-0 Qf6 12. Rb1 b5 13. b3 a6 14. Qd2 Bf3 15. a4 bxa4 16. bxa4 Nd7 17. Rb7 Bxg2 18. Kxg2 Qf3+ 19. Kg1 Nf6 20. cxd5 cxd5 21. Ba5 Qg4 22. f4 Nh4 23. Qb2 Nf3+ 24. Kh1 Qh3 25. Rf2 Ng4 26. Rg2 Nxe3 27. Ng1 Qxg2+ 28. Qxg2 Nxg2 29. Kxg2 Nxg1 30. Kxg1 Rab8 31. Rd7 Rb1+ 32. Kg2 Ra1 33. Rxd5 Rxa4 34. Bb6 Re8 35. Re5 Rxe5 36. fxe5 Kf8 37. h4 Ra2+ 38. Kf1 e3 39. d5 e2+ 40. Ke1 Ke8 41. Bc5 a5 42. e6 fxe6 43. dxe6 a4 44. g4 a3 45. g5 Ra1+ 46. Kxe2 a2 47. Bd4 Rh1 48. Bxg7 a1Q 49. Bxa1 Rxa1 50. Kf3 Ke7 51. Kg4 Kxe6 52. Kh5 Rh1 53. Kg4 Kf7 54. h5 h6 55. gxh6 Kg8 56. Kg5 Kh7 57. Kg4 Kxh6 0-1

[Event "Magdeburg op-B"]
[Site "Magdeburg"]
[Date "2014.06.10"]
[Round "5"]
[White "Petri, Ben Luca"]
[Black "Eggert, Daniela"]
[Result "0-1"]
[WhiteElo "1325"]
[BlackElo "1405"]
[PlyCount "54"]
[EventDate "2014.06.08"]
[EventType "swiss"]
[EventRounds "9"]
[EventCountry "GER"]
[SourceTitle "CBM 160 Extra"]
[Source "ChessBase"]
[SourceDate "2014.07.01"]
[SourceVersion "1"]
[SourceVersionDate "2014.07.01"]
[SourceQuality "1"]

1. e4 e5 2. Bc4 Nf6 3. Nf3 Nc6 4. d3 d5 5. exd5 Nxd5 6. Nc3 Nxc3 7. bxc3 Bg4 8. h3 Bh5 9. 0-0 Bd6 10. Re1 0-0 11. Rb1 Na5 12. Bb3 Re8 13. Bd2 Bg6 14. Ba4 c6 15. d4 e4 16. Nh2 b5 17. Bb3 Nxb3 18. axb3 f5 19. Nf1 f4 20. c4 Qf6 21. c3 f3 22. g3 e3 23. Rxe3 Rxe3 24. Bxe3 Bxb1 25. Qxb1 bxc4 26. bxc4 Qe6 27. c5 Qxh3 0-1

[Event "GER-ch U25 op-B"]
[Site "Oberhof"]
[Date "2013.05.24"]
[Round "8"]
[White "Zimmer, Claudius"]
[Black "Eggert, Daniela"]
[Result "1-0"]
[WhiteElo "914"]
[BlackElo "1241"]
[PlyCount "59"]
[EventDate "2013.05.19"]
[EventType "swiss"]
[EventRounds "9"]
[EventCountry "GER"]
[SourceTitle "CBM 154 Extra"]
[Source "ChessBase"]
[SourceDate "2013.06.25"]
[SourceVersion "2"]
[SourceVersionDate "2013.06.25"]
[SourceQuality "1"]

1. e4 e5 2. Nf3 Nc6 3. Bc4 Bc5 4. c3 Nf6 5. d4 exd4 6. cxd4 Bb4+ 7. Bd2 Bxd2+ 8. Nbxd2 d5 9. exd5 Nxd5 10. Qb3 Na5 11. Qb5+ c6 12. Qa4 0-0 13. 0-0 b5 14. Bxb5 cxb5 15. Qxb5 Rb8 16. Qxb8 Qf6 17. Qxa7 Nf4 18. Ne4 Qg6 19. Ng3 h5 20. Qxa5 f6 21. Nh4 Qg4 22. Nhf5 Bb7 23. f3 Bxf3 24. gxf3 Nh3+ 25. Kh1 Qf4 26. Qd5+ Kh8 27. Nxg7 Ng5 28. Ne6 Nxe6 29. Qxe6 h4 30. Nf5 1-0

[Event "GER-ch U25 op-B"]
[Site "Oberhof"]
[Date "2013.05.19"]
[Round "2"]
[White "Eggert, Daniela"]
[Black "Frohnhaeuser, Simon"]
[Result "0-1"]
[WhiteElo "1241"]
[BlackElo "1418"]
[PlyCount "92"]
[EventDate "2013.05.19"]
[EventType "swiss"]
[EventRounds "9"]
[EventCountry "GER"]
[SourceTitle "CBM 154 Extra"]
[Source "ChessBase"]
[SourceDate "2013.06.25"]
[SourceVersion "2"]
[SourceVersionDate "2013.06.25"]
[SourceQuality "1"]

1. e4 c5 2. Nf3 d6 3. b3 Nf6 4. Nc3 a6 5. Bb2 e6 6. d4 cxd4 7. Qxd4 e5 8. Qc4 Be6 9. Nd5 Bxd5 10. exd5 b5 11. Qd3 Nbd7 12. a4 e4 13. Qe2 bxa4 14. Rxa4 Nc5 15. Ra1 Nxd5 16. Bd4 Nf6 17. Bxc5 dxc5 18. Nd2 Qd4 19. Rxa6 Rb8 20. Qc4 Be7 21. g3 0-0 22. Bg2 e3 23. Qxd4 cxd4 24. fxe3 dxe3 25. Nc4 Bb4+ 26. Ke2 Rfe8 27. Rd1 Bc5 28. Rd3 Ng4 29. h3 Ne5 30. Nxe5 Rxe5 31. Rd5 Rxd5 32. Bxd5 Rd8 33. Be4 Rd2+ 34. Ke1 g6 35. c3 f5 36. Bc6 Be7 37. Bf3 f4 38. Re6 Kf7 39. Re4 Bg5 40. Be2 fxg3 41. Kf1 g2+ 42. Kxg2 Rxe2+ 43. Kf3 Rf2+ 44. Kg3 h5 45. h4 Bf4+ 46. Kh3 Rh2# 0-1

[Event "GER-ch U25 op-B"]
[Site "Oberhof"]
[Date "2013.05.19"]
[Round "1"]
[White "Riedel, Adelheid"]
[Black "Eggert, Daniela"]
[Result "0-1"]
[WhiteElo "846"]
[BlackElo "1241"]
[PlyCount "54"]
[EventDate "2013.05.19"]
[EventType "swiss"]
[EventRounds "9"]
[EventCountry "GER"]
[SourceTitle "CBM 154 Extra"]
[Source "ChessBase"]
[SourceDate "2013.06.25"]
[SourceVersion "2"]
[SourceVersionDate "2013.06.25"]
[SourceQuality "1"]

1. e4 e5 2. Nf3 Nc6 3. Bc4 Bc5 4. c3 Nf6 5. Ng5 d5 6. exd5 Na5 7. Be2 Nxd5 8. d4 Be7 9. Ne4 exd4 10. Qxd4 Nf6 11. Qe5 Nxe4 12. Qxe4 0-0 13. Bd3 g6 14. Bh6 Re8 15. Qe5 Bf6 16. Qe2 Rxe2+ 17. Bxe2 Qe7 18. Bf4 Bf5 19. Nd2 Re8 20. Be3 Bg5 21. 0-0 Bxe3 22. fxe3 Qxe3+ 23. Kh1 Qxd2 24. Rae1 Rxe2 25. Rxe2 Qxe2 26. Rg1 Be4 27. b4 Nc4 0-1

[Event "GER-ch U25 op-B"]
[Site "Oberhof"]
[Date "2012.05.27"]
[Round "1"]
[White "Hageresch, Leon"]
[Black "Eggert, Daniela"]
[Result "1/2-1/2"]
[WhiteElo "1371"]
[BlackElo "927"]
[PlyCount "44"]
[EventDate "2012.05.27"]
[EventType "swiss"]
[EventRounds "9"]
[EventCountry "GER"]
[SourceTitle "CBM 148 Extra"]
[Source "ChessBase"]
[SourceDate "2012.06.22"]
[SourceVersion "1"]
[SourceVersionDate "2012.06.22"]
[SourceQuality "1"]

1. e4 e5 2. Nf3 Nc6 3. Bb5 a6 4. Ba4 Nf6 5. 0-0 b5 6. Bb3 Be7 7. Re1 d6 8. c3 0-0 9. d4 Bg4 10. d5 Na5 11. Nbd2 c6 12. dxc6 Nxc6 13. h3 Bh5 14. a4 b4 15. cxb4 Nxb4 16. a5 Qc7 17. Nf1 Qc5 18. Ng3 Bg6 19. Nh4 Kh8 20. Nxg6+ fxg6 21. Be3 Qb5 22. Ba4 Qd3 1/2-1/2